Loading...
Science - Physics | 0 | 5 | 0 | 1 | 50 | 50 | 72.00 | 0 | 2 |
History - American History | 0 | 4 | 0 | 0 | 40 | 50 | 72.75 | 0 | 0 |
History - European History | 0 | 4 | 0 | 0 | 40 | 41 | 70.50 | 0 | 2 |
History - Other History | 0 | 3 | 0 | 1 | 30 | 57 | 85.67 | 0 | 1 |
History - World History | 0 | 2 | 0 | 1 | 20 | 79 | 88.50 | 0 | 0 |
Fine Arts - Classical Music | 0 | 2 | 0 | 1 | 20 | 92 | 94.00 | 0 | 0 |
Religion | 0 | 2 | 0 | 0 | 20 | 82 | 91.00 | 0 | 1 |
Geography | 0 | 1 | 0 | 0 | 10 | 66 | 66.00 | 0 | 1 |
Literature - American Literature | 0 | 1 | 0 | 0 | 10 | 100 | 100.00 | 0 | 0 |
Current Events | 0 | 1 | 0 | 1 | 10 | 99 | 99.00 | 0 | 0 |
Painting/Sculpture | 0 | 1 | 0 | 1 | 10 | 103 | 103.00 | 0 | 0 |
Fine Arts - Other Fine Arts | 0 | 1 | 0 | 0 | 10 | 81 | 81.00 | 0 | 0 |
Science - Chemistry | 0 | 1 | 0 | 0 | 10 | 43 | 43.00 | 0 | 1 |
Science - Other Science | 0 | 1 | 0 | 1 | 10 | 125 | 125.00 | 0 | 0 |
Literature - European Literature | 0 | 0 | 0 | 0 | 0 | 0.00 | 0 | 0 |